Teatro selecto
Kaydedildi:
| Materyal Türü: | Kitap |
|---|---|
| Dil: | İspanyolca |
| Baskı/Yayın Bilgisi: |
Barcelona
Iberia
1967
|
| Seri Bilgileri: | Obras Maestras
|
| Konular: | |
| Etiketler: |
Etiketle
Etiket eklenmemiş, İlk siz ekleyin!
|
MARC
| LEADER | 00000nam a2200000 a 4500 | ||
|---|---|---|---|
| 001 | UCO5571 | ||
| 003 | CL-VaPUC | ||
| 008 | 000908e19670000SP |||||||||||||||||spa|d | ||
| 082 | 0 | 4 | |a 862 |b TIR |2 21 |
| 245 | 1 | 0 | |a Teatro selecto |
| 246 | 1 | 3 | |a El vergonzoso en palacio |
| 246 | 1 | 3 | |a El burlador de Sevilla |
| 246 | 1 | 3 | |a El amor, médico |
| 300 | |a 302 p | ||
| 942 | |c BK | ||
| 945 | |d 20000908 00:00:00 |a crobeson | ||
| 260 | |a Barcelona |b Iberia |c 1967 | ||
| 650 | 0 | |a Dramas españoles |9 267081 | |
| 650 | 0 | |a Literatura española |9 306261 | |
| 583 | |a last modification |c 20000908 00:00:00 |k Rodrigo Vera | ||
| 490 | 0 | |a Obras Maestras | |
| 999 | |c 291425 |d 291423 | ||
| 952 | |0 0 |1 0 |4 0 |6 862_000000000000000_TIR_1967 |7 0 |8 A |9 341261 |a BIBART |b BIBART |d 2019-11-20 |i 1221760 |o 862 TIR 1967 |p 1221760 |r 2025-03-13 |w 2019-11-20 |y BK |k ART | ||